000 00367nam a2200145 i 4500
001 bg
100 1 _aBARANOWSKI, Bohdan
245 0 _aPolska karczma :
_brestauracja, kawiarnia /
_cBohdan Baranowski.
260 _aWrocław,
_c1979.
040 _cBPK
041 _apol
080 _a64.024.3/.7(438)(091)
942 _cKS
008 s pl f |000 0 pol
999 _c21614
_d21614
856 _uhttp://koha.tu.koszalin.pl/cgi-bin/koha/opac-detail.pl?biblionumber=21614
_yKatalog online BPK